01490nam a2200289 a 4500001001200000003000800012006001900020007001500039008004100054010001700095020001500112040002100127035002000148050002700168082002500195245036800220260005300588300003500641504004100676533015200717650008800869650005200957655002901009710001701038856012601055999001901181ebr10055162CaPaEBRm u cr cn|||||||||950428s1995 dcua sb f000 0 eng d z 95069191  z0309052882 aCaPaEBRcCaPaEBR a(OCoLC)4496370014aTD812.3.C2bW37 1995eb04a363.72/896/0979422000aWard Valleyh[electronic resource] :ban examination of seven issues in earth sciences and ecology /cCommittee to Review Specific Scientific and Technical Safety Issues Related to the Ward Valley, California Low-Level Radioactive Waste Site, Board on Radioactive Waste Management, Commission on Geosciences, Environment, and Resources, National Research Council. aWashington, DC :bNational Academy Press,c1995. a1 v. (various pagings) :bill. aIncludes bibliographical references. aElectronic reproduction.bPalo Alto, Calif. :cebrary,d2013.nAvailable via World Wide Web.nAccess may be limited to ebrary affiliated libraries. 0aLow level radioactive waste disposal facilitiesxLocationzCaliforniazWard Valley. 0aHazardous waste siteszCaliforniazWard Valley. 7aElectronic books.2local2 aebrary, Inc.40uhttp://site.ebrary.com/lib/rucke/Doc?id=10055162zAn electronic book accessible through the World Wide Web; click to view c166027d166027